000 03479cam a2200301 4500500
005 20260208005335.0
041 _afre
042 _adc
100 1 0 _aMichaud, Francine
_eauthor
245 0 0 _aLe pauvre transformé : les hommes, les femmes et la charité à Marseille, du XIIIe siècle jusqu'à la Peste noire
260 _c2009.
500 _a20
520 _aRESUMELe présent article a pour ambition de saisir les pratiques caritatives différentielles des laïcs à Marseille avant la Peste noire. Il repose sur l’analyse des testaments marseillais connus entre 1248 et la grande mortalité de 1348, soit à peu près 500 actes de dernières volontés, dont plus de la moitié émane des femmes de la ville. Celles-ci, du moins au début de la période envisagée, appartiennent en grand nombre à l’élite locale, alors que la pratique testamentaire tend parmi les citoyens mâles à se répandre plus tôt et plus rapidement à l’ensemble de la société. Deux enseignements principaux se dégagent de l’examen des actes causa mortis à une époque marquée par l’efflorescence mendiante. D’une part, la générosité envers le « Pauvre du Christ » (à titre institutionnel ou personnel) semble dériver d’un encadrement pastoral étroit – attesté par la présence croissante de confesseurs auprès des disposants – mais sensible aussi aux aléas des crises spirituelles que traverse la cité au début du XIVe siècle. D’autre part, ce sont d’abord les hommes, notamment ceux de la haute société, qui se répandent en largesses pour soulager les misérables, alors que leurs filles, épouses et veuves consacrent plus volontiers leur attention et leurs moyens à un viatique plus désincarné, qu’assure par la prière et surtout la messe, le suffrage des clercs.
520 _aABSTRACT The present article attempts to survey lay charity through the lens of testamentary practice in Marseilles before the Black Death. The extent evidence rests on a corpus of nearly 500 wills, most produced by women. The greater proportion of these women originated from the urban elite, at least at the beginning of the period under consideration, while the testamentary practice among men was fast penetrating the rest of society. Set against the Mendicant movement, a thriving force in the city at the end of the thirteenth century, the study of testaments and last wills allows for two major findings : First, charitable donations reflected close pastoral guidance, as the increasing recourse to personal confessors abundantly manifests ; this trend, however, was not immune from the crises that characterized the spiritual climate in the city at the onset of the XIVth century. Second, it was the male elite of the city who made the most generous pledges, far beyond all other groups in society, including well-born women who preferred a viaticum that emphasized a more disincarnate form of piety carried by clergy through prayers and masses.
690 _acharité laïque
690 _aMarseille
690 _apauvreté
690 _atestaments
690 _aXIIIe-XIVe siècle
690 _aCharity
690 _aLay Piety
690 _aMarseilles
690 _aPoverty
690 _aWills
690 _aXIIIth-XIVth Centuries
786 0 _nRevue historique | 650 | 2 | 2009-06-18 | p. 243-290 | 0035-3264
856 4 1 _uhttps://shs.cairn.info/revue-historique-2009-2-page-243?lang=fr&redirect-ssocas=7080
999 _c1651661
_d1651661